[Event "FIDE-Wch k.o."]
[Site "Groningen"]
[Date "1997.12.09"]
[Round "1.1"]
[White "Glek, Igor Vladimirovich"]
[Black "Nijboer, Friso"]
[Result "1-0"]
[WhiteElo "2505"]
[BlackElo "2605"]
[Annotator "Glek,I"]
[PlyCount "75"]
[EventDate "1997.12.09"]
[EventType "k.o."]
[EventRounds "7"]
[EventCountry "NED"]
[SourceTitle "CBM 063"]
[Source "ChessBase"]
[SourceDate "1998.03.26"]
[SourceVersion "1"]
[SourceVersionDate "1998.03.26"]
[SourceQuality "1"]

1. e4 {Horn,Pe} c5 2. Nf3 e6 3. g3 Nc6 4. Bg2 Nf6 5. d3 d5 6. Nbd2 Be7 7. O-O
b5 {Horn: Schwarz stellt die Rochade zurück, um dem Weißen kein Ziel zu geben.}
(7... O-O {Horn,Pe: Der Normalzug.}) 8. a4 (8. exd5 {Horn,Pe} exd5 9. c4 (9. d4
c4 10. a4 Rb8 11. Ne5 Bb7 12. Nxc6 Bxc6 13. Re1 Rb7 14. axb5 Bxb5 15. Nf1 $14 {
Jasnikowski,Z-Bohm,H/Polanica Zdroj/1981}) 9... bxc4 10. dxc4 O-O 11. b3 Bf5 (
11... d4 $5) 12. cxd5 Nxd5 13. Bb2 Ndb4 14. Ne5 $1 $16 {Schöneberg-Zinn/DDR/
1972}) (8. e5 {Horn,Pe Es gab auch Fälle, wo Weiß einfach seine Schablone
weiterverfolgte. Es ist schließlich nicht von vorneherein ausgemacht, daß der
K auf e8 besser steht.} Nd7 9. Re1) 8... bxa4 9. Rxa4 O-O 10. exd5 exd5 11. d4
{Horn: Das weiße Spiel richtet sich gegen den Pd5.} Nd7 (11... Nxd4 {Horn,Pe}
12. Nxd4 cxd4 13. Nb3 $14) 12. Re1 (12. dxc5 Nxc5 13. Ra1) 12... Nb6 13. Ra1 c4
{Horn: Schwarz schließt die d-Linie; der Pd5 blibt trotzdem ein prinzipieller
Schwächling im schwarzen Lager, da er ihn nicht (wie Weiß mit einem P stützen
kann).} 14. c3 a5 15. Ne5 Nxe5 {Horn: Sehr riskant: das öffnet dem Weißen neue
Straßen: die Qd1 bekommt Aussicht nach d5, und der Bc1 erhält eine Chance zu
Bc1-e3-d4.} (15... Bb7 {Horn,Pe} 16. Nxc6 Bxc6 17. Nf1 $14) 16. dxe5 Be6 17.
Nf1 (17. Nf3 Nd7 18. Nd4 Nc5 19. f4 Nd3 20. Rf1 Bc5 21. f5 Bc8 22. f6 Nxe5 23.
fxg7 Re8 24. Qh5 Ra6 25. Bf4 Bg4 26. Qg5 f6 27. Qh6 Nf7 28. Qh4 Be2 $17) 17...
a4 18. Ne3 Ra5 19. f4 (19. Qc2) 19... Bc5 20. Kh1 d4 21. cxd4 Bxd4 (21... Qxd4
22. Qxd4 Bxd4 23. Rd1 $14) 22. Qc2 (22. Qd2 Ra7 23. f5 Bc8 24. Nd5 Bc5 $13)
22... Nd5 23. f5 (23. Nxc4 Rc5 24. Qxa4 (24. f5 {Horn,Pe} Bxf5 (24... Nb4 25.
Qxa4 Nd3 26. Nd6 $16) 25. Qxa4 $16) 24... Nxf4 $44) (23. Be4 $6 {Horn,Pe} Nb4
24. Bxh7+ Kh8 25. Qb1 g6 26. Bxg6 fxg6 27. Qxg6 Bd5+ 28. Nxd5 Qxd5+ 29. Re4 $13
) 23... Nb4 (23... Nxe3 {Horn,Pe} 24. Bxe3 Bd5 25. Bxd4 Bxg2+ 26. Kxg2 Qxd4 27.
Rad1 $14) 24. Qd2 Nd3 (24... Bxe3 {Horn,Pe} 25. Rxe3 (25. Qxd8 Rxd8 26. Bxe3 (
26. fxe6 $6 Bxc1) 26... Bd5 27. Bb6 Bxg2+ 28. Kxg2 Rd2+ 29. Kf1 Ra8 $11) (25.
Qxb4 Bc5 26. Qc3 Bxf5 $15) 25... c3 $1 26. Qxd8 (26. Rxc3 Bxf5 $11) (26. bxc3
$2 Qxd2 27. Bxd2 Nc2 $17) 26... Rxd8 27. fxe6 Rd1+ 28. Bf1 Rxf1+ 29. Kg2 cxb2
30. e7 Ra8 31. Rxa4 Rg1+ 32. Kh3 Re8 33. Bxb2 Nd5 34. Rd3 Nxe7 35. Rd7 $14) 25.
fxe6 fxe6 (25... Nxe1 {Horn,Pe} 26. e7 Qxe7 27. Qxa5 $18) 26. Re2 Rxe5 27. Qc2
(27. Nd1 Qf6 28. Rxe5 Qxe5 $36) (27. Ng4 Rxe2 (27... Ref5 $5) 28. Qxe2 a3 29.
Qxe6+ Kh8 $13) 27... Qb6 (27... Nxc1 {Horn,Pe} 28. Qxc1 Qg5 29. Ra3 Bc5 30. Rc3
Bd4 31. Ra3 $11) 28. Nxc4 (28. Nd1 Ne1 $3 (28... Qb3 $6 29. Qxb3 Rxe2 30. Qxc4
Re1+ 31. Bf1 Rfxf1+ 32. Kg2 $16) (28... Rxe2 $6 29. Qxe2 a3 30. Rxa3 Nxc1 31.
Qxc4 Bxb2 32. Ra6 Qd4 33. Qxe6+ Kh8 34. Rd6 Qe5 35. Nxb2 Qxb2 36. Qe7 Rg8 37.
Rd8 Qb3 $16) 29. Qxc4 Qb7 $3 $19) 28... Nf2+ 29. Kg1 (29. Rxf2 Re1+ 30. Rf1
Rfxf1+ 31. Bxf1 Qc6+ 32. Qg2 Rxf1#) 29... Nh3+ 30. Kh1 Nf2+ 31. Kg1 Ng4+ 32.
Kh1 Rh5 $4 $138 {Horn: Schwarz hätte sich mit dem Dauerschach zufrieden geben
sollen.} (32... Nf2+ $142 $11) 33. Bf3 $1 $18 (33. h4 $4 Qc7 34. Bf4 Rxh4+ $1
35. gxh4 Qxf4 36. Be4 Bf2 $19) (33. h3 $4 Rxh3+ 34. Bxh3 Qc6+ 35. Re4 (35. Qe4
Nf2+) (35. Bg2 Rf1#) 35... Rf2 $19) 33... Qc7 34. Bf4 e5 35. Nxe5 Qxc2 36. Rxc2
Nxe5 37. Bxh5 Nd3 38. Rxa4 1-0

[Event "Match/Nation DDR-BUL"]
[Site "Zinnowitz"]
[Date "1985.09.25"]
[Round "2.4"]
[White "Ermenkov, Evgenij"]
[Black "Gruenberg, Hans Ulrich"]
[Result "0-1"]
[WhiteElo "2515"]
[BlackElo "2455"]
[Annotator "Gruenberg,HU"]
[PlyCount "63"]
[EventDate "1985.09.24"]
[EventType "team-match"]
[EventRounds "4"]
[EventCountry "DDR"]
[SourceTitle "EXT 2008"]
[Source "ChessBase"]
[SourceDate "2007.11.25"]
[SourceVersion "1"]
[SourceVersionDate "2007.11.25"]
[SourceQuality "1"]

{SCHACH 1/1986 Seite 24} 1. e4 e6 2. d3 d5 3. Qe2 Nf6 4. Nf3 Be7 (4... b6 $5)
5. g3 b6 6. Bg2 Bb7 (6... dxe4 7. dxe4 Ba6 8. c4) 7. e5 Nfd7 8. h4 c5 9. O-O
Nc6 10. Bf4 (10. c4 $5) 10... h6 11. h5 g5 12. hxg6 fxg6 13. g4 $6 (13. Bh3 {
kommt in Betracht} Nf8 {/\ g6-g5, Qd7, 0-0-0}) 13... g5 14. Bg3 Nf8 15. c4 Ng6
16. Nc3 O-O $1 17. cxd5 exd5 18. d4 (18. Nxd5 Qxd5 19. Nh4 Nd4 $1 20. Bxd5+
Bxd5 21. Qe3 gxh4 22. Qxh6 Nf3+ 23. Kg2 Nfxe5+ 24. f3 hxg3) 18... Nf4 19. Bxf4
Rxf4 20. Qd3 Kg7 $1 21. Nxd5 Qxd5 $1 22. Nh4 Nxe5 23. Bxd5 Nxd3 24. Bxb7 Rxg4+
25. Ng2 Rb8 26. Bf3 Rxd4 27. Ne3 Rf8 28. Bg4 Kg6 29. b3 Bf6 30. Bf5+ Kf7 31.
Rad1 Rfd8 32. Ng4 {und Weiß gab gleichzeitg auf.} 0-1

[Event "Korinthos op 2nd"]
[Site "Korinthos"]
[Date "1998.07.27"]
[Round "8"]
[White "Papaioannou, Ioannis"]
[Black "Gurevich, Mikhail"]
[Result "0-1"]
[WhiteElo "2490"]
[BlackElo "2635"]
[Annotator "Gurevich,M"]
[PlyCount "50"]
[EventDate "1998.07.20"]
[EventType "swiss"]
[EventRounds "9"]
[EventCountry "GRE"]
[SourceTitle "CBM 066"]
[Source "ChessBase"]
[SourceDate "1998.09.30"]
[SourceVersion "1"]
[SourceVersionDate "1998.09.30"]
[SourceQuality "1"]

1. e4 e6 2. b3 d5 3. Bb2 dxe4 4. Nc3 f5 5. f3 Bd6 6. fxe4 $5 {TN} (6. Nb5 exf3
7. Nxf3 Nf6 8. Qe2 O-O 9. O-O-O Nc6 10. d4 a6 $15 {0-1 Platzek,J-Nothnagel,M/
OLO-B 1994/GER 08 (25)}) 6... Qh4+ 7. g3 Bxg3+ 8. hxg3 Qxh1 9. Nb5 $1 Nf6 (9...
Qxg1 10. Qh5+ Kf8 (10... g6 11. Qh4 $16) 11. Qg5 $40) 10. Nxc7+ Kd8 11. Nxa8
Qxg1 12. Qf3 Nxe4 13. Bxg7 $6 (13. O-O-O $1 Qxg3 14. Qxg3 Nxg3 15. Be5 $1 Nxf1
16. Bxb8 Bd7 17. Be5 Ke7 18. Nc7 Rc8 $1 19. Rxf1 Kd8 20. Rg1 g6 21. Rh1 Rxc7
22. Bxc7+ Kxc7 23. Rxh7 g5 24. d4 $14) 13... Rg8 14. Be5 Nc6 15. Bc7+ Ke7 16.
O-O-O Qc5 $1 $15 17. Qh1 $1 (17. Kb1 Qxc2+ 18. Kxc2 Nd4+ $17) 17... Qa3+ 18.
Kb1 Nb4 $2 (18... Nf6 $1 {with idea 19...Nb4} 19. c3 Bd7 20. Qh6 Kf7 21. Bf4
Rxa8 22. Bg5 Qe7 23. Be2 Rf8 $19) 19. Qxh7+ Kf8 20. Qh6+ Kf7 21. Qh7+ Rg7 22.
Qh5+ Rg6 23. Qh7+ Rg7 24. Qh5+ Ke7 25. Bd8+ $2 (25. Qh4+ $11 Nf6 (25... Ng5 26.
Bd6+ $1 Kxd6 27. Qd4+ Kc6 28. Qc4+ Kd6 29. Qd4+ $11) 26. Bd8+ $1 Ke8 (26... Kd6
27. Qd4+ Nfd5 28. Qb2 $13) 27. Bb5+ Bd7 28. Bxd7+ Kxd7 (28... Kxd8 29. Qxf6+
Re7 30. Qh8+ Kxd7 31. Qd4+ $11) 29. Qd4+ Ke8 30. Qa1 $1 Nfd5 31. Bh4 $13) 25...
Kd6 $1 0-1

[Event "BL2-West 9798"]
[Site "Germany"]
[Date "1998.??.??"]
[Round "?.2"]
[White "Glek, Igor Vladimirovich"]
[Black "Gurevich, Mikhail"]
[Result "0-1"]
[WhiteElo "2505"]
[BlackElo "2620"]
[Annotator "Gurevich,M"]
[PlyCount "75"]
[EventDate "1997.10.??"]
[EventType "team-tourn"]
[EventRounds "9"]
[EventCountry "GER"]
[SourceTitle "CBM 063"]
[Source "ChessBase"]
[SourceDate "1998.03.26"]
[SourceVersion "1"]
[SourceVersionDate "1998.03.26"]
[SourceQuality "1"]
[WhiteTeam "Katernberg"]
[BlackTeam "Godesberg"]
[WhiteTeamCountry "GER"]
[BlackTeamCountry "GER"]

1. e4 e6 2. d3 d5 (2... c5 3. Nf3 Nc6 4. g3 d5 5. Qe2 Nge7 6. Bg2 g6 7. e5 Bg7
8. O-O h6 9. h4 Qc7 10. Re1 Nd4 11. Nxd4 cxd4 12. c4 dxc3 {TN} (12... dxc4 {
-56/6}) 13. Nxc3 Bd7 14. Bf4 Qb6 15. Qd2 Nf5 16. Rac1 Bc6 17. b3 Bf8 18. Red1
Be7 19. d4 Qd8 20. Qd3 g5 {0-1 Maiwald,J-Gurevich,M Groningen op (4) 1997 (35)}
) 3. Qe2 dxe4 4. dxe4 e5 5. Nf3 Nd7 6. Nbd2 $5 Bc5 7. Nc4 (7. Nb3 Bb6 8. Bg5
Ngf6 9. O-O-O Qe7) 7... Qe7 8. c3 a5 (8... Ngf6 9. b4 Bb6 10. Bg5 $14) 9. Ne3
Nb6 10. Qc2 (10. Nd5 Nxd5 11. exd5 Nf6) (10. Nf5 Bxf5 11. exf5 e4 12. Nd4 Nf6)
10... Nf6 11. Bb5+ c6 12. Be2 Ng4 13. Nd1 $5 (13. Nxg4 Bxg4 14. O-O O-O) 13...
O-O 14. h3 Nf6 15. Ne3 Nh5 $5 (15... Qc7 16. O-O Nh5 17. Rd1 Nf4 18. Bf1 a4 19.
Nc4 $14) 16. g3 Nf6 17. g4 $5 Re8 {idea Nf6-d7-f8-g6-f4} 18. Rg1 Qc7 19. Nh4
Nfd7 20. Nhf5 Nf8 21. g5 $5 Ng6 22. Ng4 Bxf5 $6 (22... Be6 23. h4 Rad8 (23...
Red8 $5 24. h5 Nf4 25. h6 g6 26. Nf6+ Kh8 $15) 24. h5 Nf4 25. h6 $40 g6 $2 26.
Nf6+ $16) 23. exf5 Nf4 24. Bxf4 exf4 25. O-O-O f3 26. Bd3 (26. Bxf3 Qf4+ 27.
Qd2 Qxf3 28. Nf6+ gxf6 (28... Kh8 29. Nxe8 Rxe8 30. Rge1 Rf8 $13) 29. gxf6+ Kh8
30. Qh6 Be3+ $1 (30... Rg8 31. Rg7 Qxf5 32. Rdg1 $18) 31. fxe3 Qxe3+ $19) 26...
Qf4+ 27. Kb1 (27. Qd2 Qxd2+ 28. Rxd2 Bd6 $1 $15) 27... a4 $6 (27... Qxg5 28.
Rg3 Bd6 29. Rxf3 Rad8 $13) 28. h4 a3 $2 (28... Kf8 $1 29. f6 g6 $13) 29. f6 $1
(29. b4 Bxb4 $1 30. cxb4 Ra4) 29... g6 30. Nh6+ Kf8 31. Qb3 $2 (31. Rg4 Qh2) (
31. h5 $5 axb2 32. hxg6 hxg6 33. Bxg6 (33. Nxf7 Qa4 (33... Kxf7 34. Bxg6+ Kf8
35. Rh1 $18) 34. Qxa4 Nxa4 35. Nh8 Nxc3+ 36. Kxb2 Nxd1+ 37. Rxd1 $36) 33... Re2
) 31... Re6 $13 32. h5 (32. Rg4 Qh2) 32... Bxf2 33. hxg6 hxg6 34. Rh1 (34. Bxg6
Bxg1 35. Nxf7 (35. Bxf7 Qe4+ 36. Ka1 axb2+ 37. Qxb2 Be3 $19) 35... Re2 $19)
34... Qxg5 35. Ng4 Bh4 36. Qxb6 (36. Nf2 Nd5 37. Ne4 Qf4 38. Qxb7 Rae8 $19)
36... Qxg4 37. Rdg1 Qf4 38. Qxb7 {Time} (38. Qxb7 Rae8 39. Bxg6 Qxf6 $17) 0-1

[Event "Olympiad-33"]
[Site "Elista"]
[Date "1998.10.03"]
[Round "5.4"]
[White "Kaidanov, Gregory S"]
[Black "Nijboer, Friso"]
[Result "1-0"]
[WhiteElo "2625"]
[BlackElo "2525"]
[Annotator "Hansen,Cu"]
[PlyCount "61"]
[EventDate "1998.09.29"]
[EventType "team-swiss"]
[EventRounds "13"]
[EventCountry "RUS"]
[SourceTitle "CBM 068"]
[Source "ChessBase"]
[SourceDate "1999.02.01"]
[SourceVersion "1"]
[SourceVersionDate "1999.02.01"]
[SourceQuality "1"]
[WhiteTeam "US of America"]
[BlackTeam "Netherlands"]
[WhiteTeamCountry "USA"]
[BlackTeamCountry "NED"]

1. e4 {Horn,Pe} c5 2. Nf3 e6 3. d3 Nc6 4. g3 d5 5. Nbd2 Nf6 6. Bg2 Be7 7. O-O
b5 8. Re1 O-O 9. e5 Nd7 10. Nf1 {A typical position from the opening usually
referred to as the Kings Indian attack. The difference to the Kings Indian
defence is that the colours are reversed and because of that white has one
tempo extra. Since Fisher won some famous games in this line as white in the
late 60's - particulary the game against Miagmarsuren in the Sousse Interzonal
1967 - few players have been interested in playing the black setup. More
flexibel lines with g7-g6 and Ng8-e7 or Lf8-d6 and Ng8-e7 have been more
popular. With one exception. The French expert above all - Wolfgang Uhlmann -
has always preferred the setup played in this game.} a5 11. h4 b4 12. Bf4 a4 {
[%csl Rc3][%cal Ya4a3]} 13. a3 Ba6 (13... bxa3 14. bxa3 Ba6 {[%cal Ya8b8,Yc6d4]
followed by Rb8 and a later Nc6-d4 is the way Uhlmann use to play - though the
last game I have been able to find in this line by the german GM is from 1979})
14. N1h2 c4 $6 {After this move white can support his Pe5 with d3-d4 and black
gets nothing in return. It is because of the e5-P white has a spatial
advantage and can build up a attacking position on the K-side.} (14... Bb5 {
Horn,Pe} 15. h5 (15. c3 Na5 $15 {Scholl-Uhlmann/Amsterdam/1970}) 15... Rc8 16.
h6 (16. Ng4 Nd4 17. Nxd4 cxd4 18. h6 g6 19. Bd2 $1 {Horn,Pe: '->Utemov-Kachar'}
b3 (19... Qc7) (19... bxa3 20. bxa3) 20. cxb3 Bxd3 21. Bb4 Bc2 22. Qxd4 Bxb3
23. Rac1 Bxb4 24. Rxc8 Qxc8 25. Qxb4 Qc4 26. Bf1 Qxb4 $8 27. axb4 f6 (27... Rb8
28. Rc1 $18) 28. exf6 Nxf6 29. Nxf6+ Rxf6 30. b5 $18 {[%csl Gb5] Utemov-Kachar/
Moskau/1979}) 16... g6 17. Ng4 (17. Qc1 Nd4 18. axb4 Nxf3+ 19. Nxf3 cxb4 20.
Qd2 a3 21. bxa3 bxa3 22. Bg5 Bxg5 23. Nxg5 Qe7 24. Nf3 Qc5 25. Qf4 Ra8 26. Ra2
Ra4 27. Qd2 Bc6 28. c3 d4 29. cxd4 Qa7 $13 {Haik,A-Gruenfeld,J/Biel JMT/1986})
17... c4 18. d4 c3 19. bxc3 bxa3 20. Qd2 Na5 21. Bg5 Bxg5 22. Nxg5 Qe7 23. Reb1
$16 {Kochyev,A-Shaposhnikov,E/St Petersburg 1998/CBM 65}) (14... bxa3 {Horn,Pe}
15. bxa3 Rb8 16. Bh3 Nd4 17. Nxd4 cxd4 18. Qg4 Kh8 19. Nf3 Rb2 20. Nxd4 Bc5 21.
Bd2 Qc7 22. Bc3 Bxd4 23. Qxd4 Rxc2 24. Bb4 Rc8 25. Bf1 $11 {Nun,J-Uhlmann/
Hradec Kralove/1979}) 15. d4 {[%csl Ge5][%cal Gd4e5]} c3 16. bxc3 bxc3 (16...
bxa3 {Horn,Pe} 17. Ng5 Rb8 (17... Qe8 $5) 18. Qh5 h6 19. Ng4 hxg5 20. hxg5 Re8
(20... g6 21. Qh4 $18) 21. Bxd5 Ndxe5 (21... exd5 22. e6 fxe6 23. Nh6+ gxh6 24.
Qg6+ Kh8 25. Qxh6+ Kg8 26. Qxe6+ Kg7 27. Qh6+ Kg8) 22. Bxe5 (22. Bxc6 Nxc6 23.
g6 $18) 22... Nxe5 (22... exd5 23. Bxg7 Kxg7 24. Qh6+ Kg8 25. Rxe7 $18) 23.
Rxe5 g6 (23... exd5 24. g6 fxg6 25. Qxg6 {[%cal Rg4h6]} Rb6 26. Re6 Rxe6 27.
Qxe6+ Kh7 (27... Kf8 28. Ne5 $18) 28. Kg2 $18) 24. Qh4 $18 {Bojczuk,Z-Wielecki,
Z/Bielsko Biala 1990/EXT 97}) 17. Ng5 Nb6 $2 {A very bad move which I have
once played myself in a somewhat similar position. From d7 the N controls the
important squars e5 and f6 and is a important part of blacks defence once Nh2
arrives on g4. From what happens next it is clear that black had some idea
about how he should defend. However he did not know exactly why. Since
Browne-Uhlmann Amsterdam 1972 (or maybe even earlier) it is known that Nf3-g5
should imidiately be answered by Qd8-e8: Horn,Pe: 'Das ist viel zu
optimistisch: Schwarz trifft nicht nur keine Maßnahmen gegen den
Standardangriff Qh5, sondern er entfernt sogar noch den Nd7 von der bedrohten
Zone.'} (17... Qe8 $8 18. Qh5 (18. Ng4 $5 {Horn,Pe}) 18... Bxg5 19. Bxg5 {
'?!' Horn,Pe.} (19. hxg5 f5 $1) 19... f5 $1 {giving black some safety on the
K-side}) (17... h6 $5 {(Horn,Pe) Kaidanov}) 18. Qh5 Bxg5 (18... h6 {Horn,Pe}
19. Ng4 $1 hxg5 20. hxg5 Nxd4 (20... g6 21. Qh6 Nxd4 22. Nf6+ Bxf6 23. exf6 Nf5
24. Qh3 Nc4 25. g4 Nfd6 26. Qh6 Ne8 27. Rxe6 $1 fxe6 28. Qxg6+ Kh8 29. Be4 $18
{[%cal Yg1g2,Rg6h7,Ya1h1]}) 21. Nf6+ gxf6 22. gxf6 Bxf6 23. exf6 Qxf6 24. Be5
$18) 19. Bxg5 Qe8 {[%cal Yf7f5] Black wants to play this standard defensive
manouvre even now. But it is to late:} 20. Bf6 $1 {[%csl Rg8] Blocking the
black f7-P. Horn,Pe: 'Der Pf7 wird ausgebremst und der Kg8 bleibt allein den
bösen weißen Figuren ausgeliefert.'} Nxd4 (20... gxf6 $142 {Horn,Pe} 21. Ng4
Nd7 22. Bxd5 $1 exd5 23. exf6 Kh8 24. Rxe8 Raxe8 25. Qxd5 $18) (20... Kh8 {
Horn,Pe} 21. Bxg7+ Kxg7 22. Qg5+ Kh8 23. Qf6+ Kg8 24. Ng4 $18) 21. Ng4 Nf5 22.
Qg5 {[%cal Rg4h6]} Kh8 23. Bxg7+ $1 Nxg7 24. Nf6 Qd8 25. Qh6 Qxf6 26. Qxf6 Rae8
27. g4 Nd7 28. Qf4 Bc4 29. h5 Rc8 30. Rab1 f5 31. exf6 1-0

[Event "Women-Veterans"]
[Site "London"]
[Date "1996.??.??"]
[Round "9"]
[White "Spassky, Boris Vasilievich"]
[Black "Cramling, Pia"]
[Result "1-0"]
[WhiteElo "2555"]
[BlackElo "2545"]
[Annotator "Hansen,Cu"]
[PlyCount "121"]
[EventDate "1996.08.15"]
[EventType "schev"]
[EventRounds "5"]
[EventCountry "ENG"]
[SourceTitle "CBM 055"]
[Source "ChessBase"]
[SourceDate "1996.12.01"]
[SourceVersion "1"]
[SourceVersionDate "1996.12.01"]
[SourceQuality "1"]

1. e4 {Hecht} c5 2. Nf3 e6 3. g3 Nc6 4. Bg2 Nf6 5. Qe2 d6 6. O-O Be7 7. c3 O-O
8. d4 d5 9. e5 Ne4 10. Rd1 Bd7 11. Ne1 cxd4 12. cxd4 Qb6 13. Be3 {[%cal Yf2f3]}
f5 14. f3 Ng5 15. Nc3 $14 {()} Na5 16. Nd3 Bb5 17. Nxb5 Qxb5 18. Rac1 Rac8 19.
Bf1 Nf7 20. Nf4 Qxe2 $2 (20... Qd7 21. Qb5 Nc6 $14) 21. Bxe2 {[%cal Rf4e6]} Bg5
$8 22. Kf2 {[%cal Rf4e6]} Bxf4 23. Bxf4 {This ending seems at first sight to
be not too bad for black. Usually it is said that Ns are stronger than Bs in
closed positions. But that is only true if both players have the same space.
In the following part of the game Spassky shows than white can slowly build op
a big space-advantage} Rxc1 24. Bxc1 {White does at this moment not want to
exchange rooks} (24. Rxc1 Nc6 {[%cal Rc6d4]}) 24... Rc8 25. Bd2 Nc6 {[%cal
Rc6d4]} (25... Nc4 26. Rc1) 26. Ke3 Kf8 27. b4 $1 {[%cal Ya2a5,Yb4b5] At first
whites attention is on the queenside, where he wants place his pawn on a5 and
b5. That would take the squares c6 and b6 away from blacks Ns and make
impossible any counterplay on this part of the board} Nb8 28. a4 Nd7 {[%cal
Yd7b6,Yb6c4]} 29. a5 Nd8 30. b5 Nf7 31. Bd3 g5 32. h4 {White has to shift his
interest to the kingside as this is the only  part of board where he has
chances of a breakthrough or to create weaknesses. Of course a5-a6 would be
answered by b7-b6} h6 33. Rh1 Kg7 34. Ke2 Nf8 35. Bb4 Nd7 36. Kd2 Rc7 37. hxg5
Nxg5 (37... hxg5 38. g4 (38. Bxf5 $2 exf5 39. e6 Rc4 $15) (38. Be7 $2 Ndxe5)
38... fxg4 39. fxg4 {[%csl Rg7][%cal Yb4f8,Yd3h7,Yh1h8]} Kg8 40. Bd6 $1 (40.
Rh7 $5 {and blacks first problem would be to find a reasonable move.  The
second problem would be the strong threat 41. Bd6 Rc8 42. Bg6.} Rc4 41. Bxc4
Kxh7 42. Bxd5 exd5 43. e6 Kg7 44. exd7 Kf6 45. a6 $16) (40. Be7 $2 Ndxe5) 40...
Rc8 (40... Nxd6 41. exd6 Rc8 42. Rh7 $18) 41. Be7 Re8 42. Bf6 {[%cal Rd3g6,
Rh1h7]} Nxf6 43. exf6 e5 44. Bh7+ Kf8 45. Bg6 $18 {[%cal Rh1h7]}) 38. Ke2 Rc8
39. Bd2 {[%csl Rh6]} Nf8 40. Rg1 Ng6 41. Rb1 Nf8 42. Bb4 Nd7 43. Ke3 Kg8 44.
Rh1 Kg7 45. Kf4 {[%cal Yg3g4,Yf5g4,Yf4g4] White wants to play 46. g4 fxg4 47.
Kxg4 and then f3-f4-f5 to get a passed e-pawn. After 47. Kxg4 white would also
have the strong move 48. Bd2 to drive Ng5 back before the f-pawn is advanced
to f4 and f5} Nf8 46. Bxf8+ Rxf8 {[#] Hecht Ab Zug 24 T+LL vs T+SS:
K-Flügel-Öffnung; Schaffung der B-Schwäche h6. T+L vs T+S: Besetzen der
einzigen offenen Linie bei riesigem Raumvorteil auf allen Teilen des Brettes,
Angriff mit dem K+L via h-Linie gegen h5; Fixieren von e6 mit dem Turm;
passive schwarze Figuren; Lavieren + Taktik} (46... Kxf8 $2 47. Rxh6) 47. Rc1 {
[%cal Yc1c8] White had to give up one of his strong Bs to get control over the
c-line} b6 48. a6 Rf7 49. Ke3 {[%csl Re6][%cal Yc1c6,Yf3f4]} h5 50. Rc8 Nh7 (
50... Rf8 51. Rc6 $18 {[%cal Rf3f4,Rc6e6]}) 51. f4 {[%csl Rh5]} Nf8 52. Be2 Kh6
53. Re8 {[%csl Ra7,Re6,Rh5]} Kg6 54. Kf2 $1 {Black is completely tied up and
white can walk his K to h4 and pick up the pawn on h5} Kh6 55. Bf3 Kg6 56. Kg2
h4 (56... Kh6 57. Kh3 {Zugzwang} Kg6 58. Kh4) 57. gxh4 Kg7 58. h5 Kh6 59. Kh3
Kg7 60. Kh4 Kh6 61. Bxd5 (61. Bxd5 exd5 62. e6 $18) 1-0

[Event "DEN-ch"]
[Site "Aarhus"]
[Date "1999.04.02"]
[Round "7"]
[White "Mortensen, Erling"]
[Black "Hansen, Curt"]
[Result "0-1"]
[WhiteElo "2424"]
[BlackElo "2608"]
[Annotator "Hecht,H"]
[PlyCount "114"]
[EventDate "1999.03.??"]
[EventType "tourn"]
[EventRounds "9"]
[EventCountry "DEN"]
[EventCategory "10"]
[SourceTitle "CBM 071"]
[Source "ChessBase"]
[SourceDate "1999.08.01"]
[SourceVersion "1"]
[SourceVersionDate "1999.08.01"]
[SourceQuality "1"]

1. e4 c5 2. Nf3 e6 3. d3 Nc6 4. g3 d5 5. Qe2 Nf6 6. Bg2 Be7 7. O-O O-O 8. e5
Ne8 9. c4 Nc7 10. Nc3 a6 11. Bf4 b5 12. b3 Bb7 13. h4 Ra7 14. Nh2 Nd4 15. Qg4
Kh8 16. Bg5 h6 17. Bxe7 Qxe7 18. Ne2 Nf5 19. Nf4 Rd8 20. Rfe1 a5 21. Nf1 a4 22.
Rab1 axb3 23. axb3 dxc4 24. dxc4 Bxg2 25. Kxg2 Ra3 26. Nh5 Rd4 27. Re4 Na6 28.
Rxd4 cxd4 29. cxb5 Qb7+ 30. Qf3 Qxb5 31. Qa8+ Kh7 32. Nf4 Qxe5 33. Nd3 Qb5 34.
Qe4 g6 35. Nd2 Nc5 36. Nxc5 Qxc5 37. b4 Qb5 38. h5 gxh5 39. Nf3 Ra4 40. Nxd4
Rxb4 41. Nxf5 Rxb1 42. Nd4+ f5 43. Qxe6 Qf1+ 44. Kf3 Qd3+ 45. Qe3 Qxe3+ 46.
fxe3 {[#] Taktik; Opfer des Turms zur rechten Zeit für ein gewonnenes
Bauernendspiel} Kg6 47. Ne6 Rb2 48. Nf4+ Kg5 49. Nh3+ Kf6 50. Nf2 Ra2 (50...
Rxf2+ $2 51. Kxf2 Kg5 52. Kf3 h4 53. gxh4+ Kxh4 54. Kf4 h5 55. Kxf5 Kg3 56. e4
h4 57. e5 $11) 51. Nd3 Rh2 52. Nf4 Kf7 (52... h4 {sollte ebenfalls gewinnen.})
53. Ng2 Kg6 54. Nf4+ Kf6 55. Ng2 Kg5 56. Nh4 (56. Nf4 h4 $19) 56... Ra2 57. Ng2
Rxg2 (57... Rxg2 58. Kxg2 Kg4 59. Kf2 h4 60. gxh4 Kxh4 61. Kf3 Kg5 62. Kg3 h5
63. Kh3 h4 64. Kh2 Kg4 65. Kg2 h3+ 66. Kf2 h2 67. Kg2 h1=Q+ 68. Kxh1 Kf3 $19)
0-1